| 000 | 01219cam a2200313 a 4500 | ||
|---|---|---|---|
| 005 | 20260322212018.0 | ||
| 008 | data | ||
| 010 | _a 97029043 | ||
| 020 | _a0471183423 (pbk. : alk. paper) | ||
| 020 | _a9780471183426 (pbk. : alk. paper) | ||
| 040 |
_aDLC _cDLC _dDLC |
||
| 050 | 0 | 0 |
_aBF637.N66 _bA88 1998 |
| 092 | _a153.69 A88 1997 | ||
| 100 | 1 | _aAxtell, Roger E. | |
| 245 | 1 | 0 |
_aGestures : _bthe do's and taboos of body language around the world / _cRoger E. Axtell & Mike Fornwald. |
| 250 | _aRev. and expanded ed. | ||
| 260 |
_aNew York : _bWiley, _cc1998. |
||
| 300 |
_axvii, 238 p. : _bill. ; _c24 cm. |
||
| 504 | _aIncludes bibliographical references (p. 233-234) and index. | ||
| 590 | _aIncludes index. | ||
| 650 | 0 |
_aBody language _xCross-cultural studies. |
|
| 650 | 0 |
_aGesture _xCross-cultural studies. |
|
| 650 | 0 |
_aNonverbal communication _xCross-cultural studies. |
|
| 700 | 1 | _aFornwald, Mike. | |
| 856 | 4 | 2 |
_3Contributor biographical information _uhttp://www.loc.gov/catdir/bios/wiley041/97029043.html |
| 856 | 4 | 2 |
_3Publisher description _uhttp://www.loc.gov/catdir/description/wiley031/97029043.html |
| 856 | 4 |
_3Table of Contents _uhttp://www.loc.gov/catdir/toc/onix01/97029043.html |
|
| 001 | data | ||
| 999 |
_c404 _d404 |
||